书目信息 |
| 题名: |
生活垃圾应急处置技术导则
|
|
| 作者: | ;住房和城乡建设部标准定额研究所 | |
| 分册: | ||
| 出版信息: | 北京 中国建筑工业出版社 2008.11 |
|
| 页数: | 129页 | |
| 开本: | 20cm | |
| 丛书名: | ||
| 单 册: | ||
| 中图分类: | X799.3 | |
| 科图分类: | ||
| 主题词: | 废物 , 废物处理 , 废物综合利用 | |
| 电子资源: | ||
| ISBN: | ||
| 000 | 00925nam0 2200253 45 | |
| 001 | 2430689112 | |
| 005 | 20240508083321.54 | |
| 010 | @dRMB 19.00 | |
| 091 | @a15112·16682 | |
| 100 | @a20191104d2008 km y0chiy0120 ea | |
| 101 | 0 | @achi |
| 102 | @aCN@b110000 | |
| 200 | 1 | @a生活垃圾应急处置技术导则@Asheng huo la ji ying ji chu zhi ji shu dao ze@eRISN-TG005-2008@f住房和城乡建设部标准定额研究所@Fzhu fang he cheng xiang jian she bu biao zhun ding e yan jiu suo |
| 210 | @a北京@c中国建筑工业出版社@d2008.11 | |
| 215 | @a129页@d20cm | |
| 510 | 1 | @a=Technical guideline of emergency disposal for municipal solid waste |
| 517 | 1 | @aRISN-TG005-2008 |
| 606 | 0 | @a废物 |
| 606 | 0 | @a废物处理 |
| 606 | 0 | @a废物综合利用 |
| 690 | @aX799.3@v4 | |
| 711 | 02 | @a住房和城乡建设部标准定额研究所@Azhu fang he cheng xiang jian she bu biao zhun ding e yan jiu suo |
| 801 | 0 | @aCN@b河南城建学院图书馆@c20191104 |
| 905 | @dX799.3@eZ9111 | |
| 生活垃圾应急处置技术导则:RISN-TG005-2008/住房和城乡建设部标准定额研究所.-北京:中国建筑工业出版社,2008.11 |
| 129页;20cm |
| ISBN :RMB 19.00 |
| ● |
| 相关链接 |
|
|
|
正题名:生活垃圾应急处置技术导则
索取号:X799.3/Z9111
 
预约/预借
| 序号 | 登录号 | 条形码 | 馆藏地/架位号 | 状态 | 备注 |
| 1 | 1551777 | 215517778 | 自科库501/501自科库 111排2列4层/ [索取号:X799.3/Z9111] | 在馆 | |
| 2 | 1551778 | 215517787 | 自科库501/501自科库 111排2列4层/ [索取号:X799.3/Z9111] | 在馆 |